000 00256nam a22001097a 4500
082 _a540 QAM'C
100 _aQAMAR, IQBAL DR
_973847
245 _aCHEMISTRY FOR ENGINEERS AND TECHNOLOGISTS
260 _aLAHORE
_bGLOBE
_c1975
300 _a246P
942 _cBK
999 _c579483
_d579483